Energy economics (Record no. 359282)

MARC details
000 -LEADER
fixed length control field 00465 a2200193 4500
005 - DATE & TIME
control field 20250528155341.0
008 - FIXED-LENGTH DATA ELEMENTS--GENERAL INFORMATION
fixed length control field 250528b |||||||| |||| 00| 0 eng d
020 ## - ISBN
International Standard Book Number 9780367755171
Price £ 61.99
040 ## - CATALOGING SOURCE
Original cataloging agency VIVEKANANDA LIBRARY
082 ## - DDC NUMBER
Classification number 333.79
Book Number S96E(2)
100 ## - MAIN ENTRY--PERSONAL NAME
Personal name Schwarz , Peter M
245 ## - TITLE STATEMENT
Title Energy economics
250 ## - EDITION STATEMENT
Edition statement 2nd
260 ## - PUBLICATION, DISTRIBUTION, ETC. (IMPRINT)
Name of publisher, distributor, etc Routledge
Date of publication, distribution, etc 2023
Place of publication, distribution, etc London
300 ## - PHYSICAL DESCRIPTION
Pages xxvii, 440
650 ## - Subject
Subject Economics
650 ## - Subject
Subject Energy Industries
942 ## - ADDED ENTRY ELEMENTS (KOHA)
Koha item type Books
Holdings
Withdrawn status Lost status Source of classification or shelving scheme Damaged status Not for loan Location (home branch) Sublocation or collection (holding branch) Shelving location Date acquired Koha issues (times borrowed) Koha full call number Accession No. Koha date last seen Koha item type
    Dewey Decimal Classification     VIVEKANANDA LIBRARY VIVEKANANDA LIBRARY Vivekananda Library 21/12/2024   333.79 S96E(2) 394618 21/12/2024 Books
© Designed and Maintained by Vivekananda Library, MDU Rohtak